00282nam a2200109Ia 4500008004100000041000800041082002600049100001400075245003700089260003700126300000900163230411s9999 xx 000 0 und d aeng aF/610.7302/MOL/B06098 aMolly Sam aNursing Process : Clinical guide bJaypee BrothersaNew Delhic1997 a160p